Sports Quiz

Random Sports or Basketball Quiz

NBA Logos Quiz Stats

 Plays Quiz Updated Jul 22, 2016

Score 0/30 Timer 04:00
692 Plays Today
Logo Numbers % Correct
9.Chicago Bulls
96.7%
7.Boston Celtics
95.7%
3.Phoenix Suns
95.2%
1.Atlanta Hawks
95.2%
2.Orlando Magic
94.7%
8.Charlotte Hornets
94%
13.San Antonio Spurs
92.9%
10.Milwaukee Bucks
92.6%
11.Minnesota Timberwolves
92.4%
17.Golden State Warriors
91.6%
5.Brooklyn Nets
91.4%
6.Los Angeles Clippers
90.4%
14.Oklahoma City Thunder
90.3%
12.Cleveland Cavaliers
89.9%
18.Utah Jazz
89.3%
Logo Numbers % Correct
15.Portland Trail Blazers
88.2%
4.Detroit Pistons
88.2%
21.New York Knicks
86.8%
27.Miami Heat
85.6%
16.New Orleans Pelicans
85.5%
23.Sacramento Kings
84.8%
19.Dallas Mavericks
83.7%
22.Toronto Raptors
83.6%
28.Houston Rockets
83.3%
24.Denver Nuggets
82.5%
29.Indiana Pacers
82.4%
20.Philadelphia 76ers
80.1%
26.Memphis Grizzlies
79.7%
25.Los Angeles Lakers
78.2%
30.Washington Wizards
76.5%

You're not logged in!

Compare scores with friends on all Sporcle quizzes.
OR
Log In

You Might Also Like...

Show Comments

Extras

Top Quizzes Today


Score Distribution

Your Account Isn't Verified!

In order to create a playlist on Sporcle, you need to verify the email address you used during registration. Go to your Sporcle Settings to finish the process.

Report this User

Report this user for behavior that violates our Community Guidelines.

Details: